[Event "Challenge"]
[Site "http://www.queenalice.com/game.php?id=688448"]
[Date "2009.11.25"]
[Round "-"]
[White "FENIX_RJ"]
[Black "Donyelko"]
[Result "0-1"]
[WhiteElo "1466"]
[BlackElo "1994"]

1. e4 e5 2. Nf3 Nc6 3. d4 exd4 4. Nxd4 Nxd4 5. Qxd4 c5 6. Qc4 Qf6 7. Nc3 Qc6 8.
Bf4 Nf6 9. Nd5 Nxd5 10. exd5 Qf6 11. O-O-O Be7 12. h4 b5 13. Qe4 O-O 14. Bd3 g6
15. Bg3 d6 16. h5 c4 17. Be2 Bf5 18. Qd4 Qxd4 19. Rxd4 Rfe8 20. Kd2 Bf6 21. Rf4
Bxb2 22. hxg6 Bxg6 23. c3 Bxc3+ 24. Kxc3 Rxe2 25. Rc1 Rxa2 26. Kd4 Rd2+ 27. Kc3
Rxd5 28. Kb4 a5+ 29. Kc3 Rd3+ 30. Kc2 Rxg3+ 31. Kd2 Rd3+ 32. Ke2 Re8+ 33. Kf1
Rd5 34. Kg1 a4 35. g4 a3 36. Rf3 a2 37. Ra3 Bb1 38. Rxb1 axb1=Q+ 39. Kg2 Re1 40.
Kh3 Rh1+ 0-1

[Event "Challenge"]
[Site "http://www.queenalice.com/game.php?id=688473"]
[Date "2009.11.25"]
[Round "-"]
[White "FENIX_RJ"]
[Black "Hugo_Gtz"]
[Result "0-1"]
[WhiteElo "1492"]
[BlackElo "1800"]

1. e4 e5 2. Nf3 d6 3. Bb5+ c6 4. Ba4 Bd7 5. d4 h6 6. dxe5 dxe5 7. Nxe5 Qa5+ 8.
c3 Qxe5 9. f3 Bc5 10. Nd2 Nf6 11. Nc4 Qe7 12. b4 Bb6 13. Nd6+ Kf8 14. Bb3 Be6
15. e5 Bxb3 16. axb3 Qxe5+ 17. Kf1 Nbd7 18. f4 Qxc3 19. Bd2 Qd4 20. Nf5 Qf2# 0-1

[Event "Challenge"]
[Site "http://www.queenalice.com/game.php?id=688475"]
[Date "2009.11.25"]
[Round "-"]
[White "candycorn"]
[Black "FENIX_RJ"]
[Result "0-1"]
[WhiteElo "1347"]
[BlackElo "1496"]

1. e3 e5 2. d4 Bb4+ 3. c3 Ba5 4. b4 Bb6 5. Bb5 Nf6 6. Nf3 Ne4 7. dxe5 c6 8. Ba4
d5 9. Bb2 Bd7 10. Nd4 c5 11. Bb5 cxd4 12. Qe2 f6 13. Qh5+ g6 14. Qh6 Bxb5 15.
Qg7 dxe3 16. fxe3 Bxe3 17. Qxh8+ Kd7 18. Qxh7+ Kc8 19. Rf1 f5 20. Qxg6 Bxf1 21.
Kxf1 Qh4 22. Qxf5+ Kc7 23. Qf7+ Nd7 24. Qxd5 Qf2# 0-1

[Event "Challenge"]
[Site "http://www.queenalice.com/game.php?id=688487"]
[Date "2009.11.25"]
[Round "-"]
[White "FENIX_RJ"]
[Black "Tourinho"]
[Result "0-1"]
[WhiteElo "1456"]
[BlackElo "1730"]

1. e4 e5 2. Bc4 Nf6 3. Nc3 Nc6 4. Nf3 Bb4 5. a3 Bxc3 6. dxc3 Nxe4 7. O-O Nd6 8.
Bg5 f6 9. Bh4 Nxc4 10. b3 Nb6 11. Re1 d6 12. c4 Be6 13. c5 dxc5 14. c4 Qxd1 15.
Rexd1 Rd8 16. Rd2 Rxd2 17. Nxd2 O-O 18. Rd1 Rd8 19. f3 Rd3 20. Bf2 Nd7 21. g3 b6
22. a4 Na5 23. Rc1 Rxd2 24. Be3 Rd3 25. Re1 Nxb3 26. Kf2 Bxc4 27. f4 e4 28. f5
Ne5 29. Bf4 Ng4+ 30. Kg2 Bd5 31. Kh3 Nf2+ 32. Kg2 e3+ 0-1

[Event "Challenge"]
[Site "http://www.queenalice.com/game.php?id=688488"]
[Date "2009.11.25"]
[Round "-"]
[White "lauriane"]
[Black "FENIX_RJ"]
[Result "0-1"]
[WhiteElo "1073"]
[BlackElo "1435"]

1. a4 e5 2. g3 d5 3. Bg2 e4 4. h4 Nf6 5. f4 Ng4 6. Bh3 Bc5 7. Bxg4 Bxg4 8. d4
Bb6 9. c3 c5 10. Rh2 Nc6 11. Ra3 cxd4 12. Nd2 dxc3 13. Nf1 d4 14. bxc3 d3 15.
Nf3 O-O 16. N3d2 dxe2 17. Rxe2 Bxe2 18. Kxe2 Re8 0-1

[Event "Challenge"]
[Site "http://www.queenalice.com/game.php?id=688495"]
[Date "2009.11.25"]
[Round "-"]
[White "FENIX_RJ"]
[Black "Tlaloc2k"]
[Result "0-1"]
[WhiteElo "1467"]
[BlackElo "1719"]

1. e4 e5 2. Nc3 Bc5 3. Nf3 d6 4. Bc4 Nf6 5. Ng5 Rf8 6. Nd5 Nxd5 7. Bxd5 Qxg5 8.
O-O Bh3 9. Qf3 Bg4 10. Qb3 Nc6 11. Bxc6+ bxc6 12. Qa4 Bd7 13. d4 Qg6 14. dxc5 d5
15. Rd1 Ke7 16. exd5 Rfd8 17. Qh4+ f6 18. d6+ cxd6 19. cxd6+ Ke6 20. Qh3+ Kf7
21. Qb3+ Be6 22. Qb7+ Bd7 23. Bd2 Qxc2 24. b3 Qg6 25. Ba5 Ke6 26. Qa6 Rdc8 27.
Qc4+ Kf5 28. g4+ Qxg4+ 29. Qxg4+ Kxg4 30. Rd3 Rab8 31. Rg3+ Kh5 32. Rxg7 Bf5 33.
d7 Rg8 34. d8=Q Rxg7+ 35. Kf1 Rxd8 36. Bxd8 Bd3+ 37. Ke1 Be4 38. Bxf6 Rg1+ 39.
Ke2 Rxa1 40. Ke3 Bb1 41. Bxe5 Rxa2 42. Kf4 Rxf2+ 43. Kg3 Ra2 44. h4 Ra3 45. Kf4
Rxb3 46. Bf6 Rb6 47. Bg5 a5 48. Be7 a4 49. Ke5 Rb3 50. Kd6 Re3 51. Bf8 Kxh4 52.
Kxc6 a3 53. Bh6 Re6+ 54. Kd5 Rxh6 55. Kc4 a2 0-1

[Event "Challenge"]
[Site "http://www.queenalice.com/game.php?id=689485"]
[Date "2009.11.27"]
[Round "-"]
[White "FENIX_RJ"]
[Black "Didiodpc"]
[Result "1-0"]
[WhiteElo "1535"]
[BlackElo "1670"]

1. e4 c5 2. d4 e6 3. e5 Ne7 4. Bg5 Nbc6 5. Ne2 d5 6. Nf4 Nxd4 7. c3 Ndc6 8. Na3
Nxe5 9. Qa4+ Bd7 10. Nb5 a6 11. Qb3 c4 12. Nd6# 1-0

[Event "Challenge"]
[Site "http://www.queenalice.com/game.php?id=689490"]
[Date "2009.11.27"]
[Round "-"]
[White "FENIX_RJ"]
[Black "Luke1416"]
[Result "0-1"]
[WhiteElo "1378"]
[BlackElo "1678"]

1. e4 e5 2. Nc3 c6 3. Nf3 d6 4. Bc4 Bg4 5. h3 Bxf3 6. Qxf3 Nf6 7. Na4 b5 8. Bb3
bxa4 9. Bxa4 Be7 10. Qc3 Qd7 11. Qg3 O-O 12. d3 a5 13. Bh6 g6 14. Bxf8 Bxf8 15.
O-O-O d5 16. f4 exf4 17. Qxf4 Bg7 18. e5 Ne8 19. Rd2 Na6 20. Rf2 Ra7 21. Rhf1
Kh8 22. c4 Nc5 23. Bc2 f5 24. d4 Ne6 0-1

[Event "Challenge"]
[Site "http://www.queenalice.com/game.php?id=689491"]
[Date "2009.11.27"]
[Round "-"]
[White "FENIX_RJ"]
[Black "jumping"]
[Result "0-1"]
[WhiteElo "1456"]
[BlackElo "1697"]

1. e4 e5 2. Nf3 Nc6 3. Bc4 h6 4. h4 Nf6 5. d4 exd4 6. Nxd4 Nxe4 7. Qf3 d5 8. Bb5
Bd7 9. Nd2 Nxd4 10. Qd3 Nxb5 11. Qxd5 Nxd2 12. Qxd2 Bc5 13. O-O O-O 14. Qd3 Bc6
15. Bf4 Qxh4 16. g3 Qh3 17. Qc4 Qg2# 0-1

[Event "Challenge"]
[Site "http://www.queenalice.com/game.php?id=689493"]
[Date "2009.11.27"]
[Round "-"]
[White "FENIX_RJ"]
[Black "grega"]
[Result "1/2-1/2"]
[WhiteElo "1498"]
[BlackElo "1830"]

1. e4 e5 2. Nf3 d6 3. Bb5+ Bd7 4. Bc4 h6 5. d4 Nc6 6. Nc3 Nf6 7. dxe5 dxe5 8.
Nxe5 Nxe5 9. Nd5 Nxc4 10. Qe2 Ne5 11. Bf4 Bd6 12. O-O-O c6 13. Nxf6+ Qxf6 14.
Bg3 Be7 15. f4 Ng6 16. Qd3 O-O-O 17. f5 Ne5 18. Qe3 Kb8 19. Qc3 Bd6 20. Rd2 Ka8
21. Rhd1 Qg5 22. Bxe5 Bxe5 23. Qxe5 f6 24. Qe7 Bxf5 25. exf5 a6 26. Qb4 Rxd2 27.
Rxd2 Qxf5 28. h3 Qf1+ 29. Rd1 Qxg2 30. Rd7 Qf1+ 31. Kd2 Qb5 32. c3 1/2-1/2

[Event "Challenge"]
[Site "http://www.queenalice.com/game.php?id=853376"]
[Date "2010.11.1"]
[Round "-"]
[White "FENIX_RJ"]
[Black "Marlu"]
[Result "1-0"]
[WhiteElo "1426"]
[BlackElo "1465"]

1. e4 e5 2. Nf3 Nc6 3. d4 Qf6 4. Nc3 d6 5. Nd5 Qh4 6. Nxh4 Kd8 7. Qf3 Be6 8.
Bg5+ Be7 9. Nf5 Bxg5 10. Nxg7 Nh6 11. Nxe6+ fxe6 12. g3 exd5 13. c3 dxe4 14. Qh5
Rg8 15. h4 Be7 16. Qxh6 Rh8 17. Bh3 exd4 18. Qe6 Ke8 19. Qxe4 a5 20. cxd4 h6 21.
Qe6 Nxd4 22. Qg6+ Kd8 23. Qg7 Rf8 24. Qxd4 Bf6 25. Qa4 c6 26. Qg4 Re8+ 27. Kf1
Kc7 28. Qd7+ Kb6 29. Qxd6 Rac8 30. Bxc8 Bxb2 31. Rb1 1-0

[Event "Challenge"]
[Site "http://www.queenalice.com/game.php?id=873226"]
[Date "2010.12.17"]
[Round "-"]
[White "Marlu"]
[Black "FENIX_RJ"]
[Result "1/2-1/2"]
[WhiteElo "1429"]
[BlackElo "1444"]

1. d4 d5 2. Nc3 Nf6 3. Bf4 Nc6 4. Nb5 e5 5. dxe5 Nh5 6. e3 Nxf4 7. exf4 d4 8.
Bc4 Bb4+ 9. c3 dxc3 10. Qxd8+ Nxd8 11. bxc3 Ba5 12. Nxc7+ Bxc7 13. Nf3 Ba5 14.
Rc1 h6 15. O-O a6 16. h3 b5 17. Bd5 Bb7 18. Rfd1 Bxd5 19. Rxd5 Ne6 20. g3 Nc7
21. Rd3 Ne6 22. f5 Nc5 23. Rd5 Ne4 24. c4 Bb6 25. Kg2 Bxf2 26. e6 O-O 27. Rc2
fxe6 28. fxe6 Bc5 29. Re5 Ng5 30. Nxg5 hxg5 31. Rxc5 Rac8 32. Rxc8 Rxc8 33. c5
Kf8 34. Kf3 Ke7 35. Kg4 Kxe6 36. Kxg5 Kd5 37. c6 Rc7 38. Kg6 a5 39. h4 Kd4 40.
h5 a4 41. g4 b4 42. h6 gxh6 43. Kxh6 b3 44. axb3 axb3 45. Rc1 Kd3 46. g5 b2 47.
Rb1 Kc2 48. Rxb2+ Kxb2 49. g6 Rxc6 50. Kh7 Rxg6 51. Kxg6 Kc3 1/2-1/2

[Event "Challenge"]
[Site "http://www.queenalice.com/game.php?id=910558"]
[Date "2011.3.9"]
[Round "-"]
[White "jbliborio"]
[Black "FENIX_RJ"]
[Result "0-1"]
[WhiteElo "1425"]
[BlackElo "1443"]

1. e4 e5 2. Nf3 Nc6 3. Bb5 Nf6 4. Nc3 Bc5 5. Nd5 Ng4 6. h3 Nxf2 7. Qe2 Nxh1 8.
d3 Nd4 9. Nxd4 Bxd4 10. c3 Qh4+ 11. Kd2 Bb6 12. Bc4 c6 13. Nxb6 axb6 14. d4 d5
15. exd5 Qf4+ 16. Ke1 Qh4+ 17. Kd2 Ng3 18. dxe5 Nxe2 19. Bxe2 Qf2 20. Kd1 O-O
21. dxc6 Rd8+ 22. Bd2 Qg1+ 0-1

[Event "Challenge"]
[Site "http://www.queenalice.com/game.php?id=914987"]
[Date "2011.3.20"]
[Round "-"]
[White "FENIX_RJ"]
[Black "Marlu"]
[Result "0-1"]
[WhiteElo "1496"]
[BlackElo "1540"]

1. e4 e5 2. Nf3 Nc6 3. Bc4 h6 4. c3 a6 5. d4 d6 6. O-O Nf6 7. Qb3 d5 8. exd5 Ne7
9. Nxe5 Qd6 10. Bf4 Rg8 11. Ng6 Nxg6 12. Bxd6 Bxd6 13. Nd2 Nf4 14. Rae1+ Kd8 15.
g3 Ng6 16. Bd3 Ne7 17. Qc2 g6 18. f4 Nexd5 19. Bc4 Nb6 20. Bxf7 Rg7 21. Bxg6 Bh3
22. Rf3 c6 23. Bf5 Bxf5 24. Qxf5 Ng4 25. Qf8+ Bxf8 26. h3 Nf6 27. Rfe3 Kc7 28.
Ne4 Nxe4 29. Rxe4 Rxg3+ 30. Kh2 Rd3 31. R1e2 Rd8 32. Re6 Nd5 33. R6e4 Bd6 34.
Kg2 Rg8+ 0-1

[Event "Challenge"]
[Site "http://www.queenalice.com/game.php?id=932357"]
[Date "2011.4.30"]
[Round "-"]
[White "FENIX_RJ"]
[Black "jbliborio"]
[Result "1-0"]
[WhiteElo "1475"]
[BlackElo "1398"]

1. Nf3 Nc6 2. d4 d5 3. Bf4 Bg4 4. Nc3 Nf6 5. Nb5 Kd7 6. h3 Be6 7. Bxc7 Qc8 8. e4
dxe4 9. Ne5+ Ke8 10. c4 b6 11. f3 a6 12. d5 Nxe5 13. Bxe5 axb5 14. c5 Bxd5 15.
Bxf6 gxf6 16. Qxd5 Ra6 17. Bxb5+ 1-0

[Event "Challenge"]
[Site "http://www.queenalice.com/game.php?id=936956"]
[Date "2011.5.11"]
[Round "-"]
[White "LOTRfanatic"]
[Black "FENIX_RJ"]
[Result "0-1"]
[WhiteElo "1129"]
[BlackElo "1481"]

1. e4 e5 2. Nf3 d5 3. exd5 Nf6 4. d6 Bxd6 5. d4 exd4 6. Qxd4 Nc6 7. Qe3+ Be6 8.
Ng5 Bb4+ 9. c3 Be7 10. Nxe6 fxe6 11. Qg3 O-O 12. Bh6 Nh5 13. Qg4 Ne5 14. Qxh5
Bf6 15. f4 Bh4+ 16. g3 Nd3+ 17. Bxd3 Qxd3 18. Qxh4 e5 19. Qg4 Rf7 20. Qe6 Qe4+
21. Kf1 Qxh1+ 22. Kf2 Qxh2+ 23. Kf3 gxh6 24. Nd2 Qxd2 25. Rh1 Qd3+ 26. Kf2 Qc2+
27. Kg1 Qc1+ 28. Kh2 Qxb2+ 29. Kh3 Kf8 0-1

[Event "Challenge"]
[Site "http://www.queenalice.com/game.php?id=936958"]
[Date "2011.5.11"]
[Round "-"]
[White "ludimad"]
[Black "FENIX_RJ"]
[Result "1-0"]
[WhiteElo "1692"]
[BlackElo "1489"]

1. e3 e5 2. g4 Be7 3. Qf3 Nf6 4. Bc4 d5 5. g5 Ne4 6. Bb3 c6 7. h4 Nd7 8. d3 Nec5
9. h5 e4 10. Qf4 O-O 11. d4 Bxg5 12. Qg3 Qa5+ 13. Bd2 Qd8 14. f3 Nxb3 15. axb3
c5 16. f4 Qc7 17. Qxg5 h6 18. Qxd5 cxd4 19. Qxd4 Nc5 20. Bc3 f6 21. b4 b6 22.
bxc5 Bb7 23. Ne2 Rad8 24. Qc4+ Bd5 25. Qb5 Rd7 26. Nd2 Bc6 27. Qa6 Rd5 28. Nxe4
Bb7 29. Qxa7 bxc5 30. Rg1 Rxh5 31. Ra6 Kh7 32. N2g3 Rd5 33. Nh5 Rf7 34. Nhxf6+
Kh8 35. Nxd5 Qd8 36. Rd6 Qh4+ 37. Nf2 Bxd5 38. Qb8+ Kh7 39. Rxd5 g5 40. Qh8+ Kg6
41. Qg8+ 1-0

[Event "Challenge"]
[Site "http://www.queenalice.com/game.php?id=936960"]
[Date "2011.5.11"]
[Round "-"]
[White "peaceman"]
[Black "FENIX_RJ"]
[Result "0-1"]
[WhiteElo "1247"]
[BlackElo "1482"]

1. d4 e6 2. e3 Nf6 3. Qd3 Nc6 4. Nf3 Nb4 5. Qc4 d5 6. Qb3 c5 7. a3 Qa5 8. c3 c4
9. Qxb4 Bxb4 10. cxb4 Qa4 11. Bd2 Qb3 12. Nc3 Ne4 13. Nxe4 dxe4 14. Ne5 Qxb2 15.
Rc1 b5 16. g3 O-O 17. Bh3 Qxa3 18. Ke2 f6 19. Nc6 Qd3+ 20. Ke1 Rf7 21. Nd8 Re7
22. g4 e5 23. Bf1 Qa3 24. d5 Bxg4 25. Nc6 Rd7 26. Bg2 Rxd5 27. Ne7+ Kf7 28. Nxd5
Qd3 29. h3 Qe2# 0-1

[Event "Challenge"]
[Site "http://www.queenalice.com/game.php?id=936961"]
[Date "2011.5.11"]
[Round "-"]
[White "kathieD"]
[Black "FENIX_RJ"]
[Result "0-1"]
[WhiteElo "1295"]
[BlackElo "1488"]

1. Nc3 d5 2. b4 e5 3. e4 d4 4. Nce2 Bxb4 5. Rb1 c5 6. a3 Ba5 7. Rb5 Nf6 8. Rxc5
Nfd7 9. Rd5 Nc6 10. Nh3 Qf6 11. c4 Bb6 12. a4 d3 13. Rxd3 Nc5 14. Rd5 Bxh3 15.
gxh3 Nd7 16. f4 Nd4 17. Nc3 Qh4# 0-1

[Event "Challenge"]
[Site "http://www.queenalice.com/game.php?id=936962"]
[Date "2011.5.11"]
[Round "-"]
[White "shimrah"]
[Black "FENIX_RJ"]
[Result "0-1"]
[WhiteElo "1396"]
[BlackElo "1483"]

1. d4 Nf6 2. Nf3 Nc6 3. Nc3 d5 4. Bf4 Bf5 5. Qd2 Nb4 6. O-O-O Qd7 7. g3 Ne4 8.
Nxe4 Bxe4 9. Qxb4 f6 10. c4 b6 11. Bg2 Qc6 12. Ne5 fxe5 13. Bxe4 dxe4 14. d5 Qd7
15. Bxe5 a5 16. Qb5 O-O-O 17. Qa6+ Kb8 0-1